| 000 | 00540nam a2200157 i 4500 | ||
|---|---|---|---|
| 001 | 115737 | ||
| 003 | ES-MaACL | ||
| 005 | 20240424063052.0 | ||
| 007 | t| | ||
| 008 | 070510s1911 sp ||||1| spa d | ||
| 100 | 1 |
_aRuimar, Cándido, _dn. 1862 _9100866 |
|
| 245 | 1 | 0 |
_aA España _b: con motivo de sus recientes preparativos militares para intervenir en Marruecos : [poesía] / _cCándido Ruiz Martínez. |
| 260 |
_aSevilla : _b[s.n.], _c1911 ( _fTip. G. Santigosa) |
||
| 852 |
_aES-MaACL _jT-1250-F-10 |
||
| 999 |
_c115737 _d115737 |
||